000 00825nam a22001937a 4500
999 _c59470
_d59470
003 Ge_BSU
005 20230227102826.0
008 230227s2003 xxu||||| |||| 00| 0 geo d
020 _a9992884444
041 _ageo
080 _a352(479.22) ა-27
245 _aადგილობრივი თვითმმართველობა და მმართველობა საქართველოში :
_b საკანონმდებლო აქტების კრებული.
264 _aთბილისი,
_c2003.
300 _a93 გვ.;
_b21სმ.
490 _aიურისტის ბიბლიოთეკა
653 _aსამართალი
653 _aთვითმმართველობა საქართველოში
942 _2udc
_cBK